Brand Logos That Start with U - Statistics

General Stats
  • This quiz has been taken 2,620 times
  • The average score is 8 of 16
Answer Stats
Picture Answer % Correct
UPS
92%
Under Armour
88%
Universal Studios
79%
Umbro
65%
Ugg
59%
Unilever
57%
United Airlines
53%
Ubisoft
49%
Uniqlo
46%
United States Postal Service
41%
Uber
33%
UFC
32%
Unreal Engine
31%
UBS
19%
Ubuntu
12%
Uhlsport
4%
No matching quizzes found
Score Distribution
Percent of People with Each Score
Percentile by Number Answered
Your Score History
You have not taken this quiz